| 000 | 00477nam a22001931a 4500 | ||
|---|---|---|---|
| 001 | 3730 | ||
| 003 | OSt | ||
| 005 | 20260204211902.0 | ||
| 008 | 050206s1975||||sp ||||||b||||||||||spa|| | ||
| 020 | _a8427002947 | ||
| 050 | _a220.9505 V89a | ||
| 082 | _a220.9505 V89a | ||
| 100 | _aVon Daniken, Erich | ||
| 245 | _aLas apariciones / Erich Von Daniken | ||
| 264 | _aEspaña : Ediciones Martínez Roca | ||
| 300 | _a315 p | ||
| 650 | _a1.Historia BíblicaÌ | ||
| 942 |
_2ddc _cBK |
||
| 999 |
_c3730 _d3730 |
||